Zwierzęta u rzeźnika - Statystyki

Ogólne statystyki
  • Ten quiz został rozwiązany 26 razy
  • Średni wynik to 7 z 9
Statystyki odpowiedzi
Odpowiedź % Poprawnych
Krowa
100%
Świnia
100%
Kurczak
96%
Kaczka
87%
Owca
87%
Koń
83%
Koza
74%
Indyk
70%
Królik
52%
Nie znaleziono quizów pasujących do podanych kryteriów
Rozkład punktacji
Procent ludzi z każdym wynikiem
Percentyl według liczby udzielonych odpowiedzi
Twoja historia wyników
Nie rozwiązałeś tego quizu